| 000 | 00973cam a2200313 i 4500 | ||
|---|---|---|---|
| 999 |
_c200444887 _d63099 |
||
| 001 | 200444887 | ||
| 003 | TR-AnTOB | ||
| 005 | 20220511195824.0 | ||
| 007 | ta | ||
| 008 | 720714s1963 nyud 000 0 eng d | ||
| 010 | _a63025264 | ||
| 035 | _a(TR-AnTOB)200444887 | ||
| 040 |
_aDXU _erda _beng _cDXU _dCWR _dm.c _dTR-AnTOB |
||
| 041 | 0 | _aeng | |
| 050 | 0 | 0 |
_aTP670 _b.B44 1963 |
| 090 |
_aTOBBK TP670 _b.B44 1963 |
||
| 100 | 1 |
_aBennett, H. _q(Harry), _d1895-1990 _eauthor _9133783 |
|
| 245 | 1 | 0 |
_aIndustrial waxes / _cby H. Bennett. |
| 264 | 1 |
_aNew York, _bChemical Pub. Company, _c1963. |
|
| 300 |
_a2 volumes : _btables, graphics ; _c23 cm |
||
| 336 |
_atext _btxt _2rdacontent |
||
| 337 |
_aunmediated _bn _2rdamedia |
||
| 338 |
_avolume _bnc _2rdacarrier |
||
| 505 | 0 |
_tv.1 - Natural and syntetic waxes -- _tv.2. - Compounded waxes and technology. |
|
| 650 | 0 |
_aWaxes _9133785 |
|
| 942 |
_2z _cBK |
||